000 00482nam a2200145Ia 4500
008 100204s9999 xx 000 0 und d
082 _b11149
100 _aअवचट काकासाहेब
245 _aसंस्कार सुगंध
260 _b"सौभाग्य प्रकाशन , पुणे"
_c19788
300 _a115
630 _aसंस्कार सुगंध
730 _aसंस्कार सुगंध
942 _cBOOK
999 _c455585
_d455582